Normal view
MARC view
Entry Topical Term
001 - CONTROL NUMBER
- control field: 17357
003 - CONTROL NUMBER IDENTIFIER
- control field: ARRUPE
005 - DATE AND TIME OF LATEST TRANSACTION
- control field: 20150420172646.0
008 - FIXED-LENGTH DATA ELEMENTS
- fixed length control field: 150420|| aca||aabn | a|a d
040 ## - CATALOGING SOURCE
- Original cataloging agency: ARRUPE
- Transcribing agency: ARRUPE
150 ## - HEADING--TOPICAL TERM
- Topical term or geographic name as entry element: Locke, John,
- Chronological subdivision: 1632-1704.
670 ## - SOURCE DATA FOUND
- Source citation: Work cat.: (ARRUPE)0: Feser, Edward. 17356, Locke /, 2007.